[Event "DSJ Weihnachtsturnier U16: Lasker 2020"]
[Site ""]
[Date "2020.12.28"]
[Round "1"]
[White "Hommer, Jeremy"]
[Black "Sickmann, Lisa"]
[Result "1-0"]
[Termination "normal"]
[Board "13.1"]
[WhiteElo "2180"]
[BlackElo "1510"]
[WhiteTeam "SC Turm Lüneburg"]
[BlackTeam "Lübecker SV von 1873"]
[PlyCount "167"]
[WhiteFideId "12992577"]
[BlackFideId "16267818"]
[EventRounds "7"]
[EventType "team-swiss"]
[EventDate "2020.12.28"]

1. d4 {[%emt 0:00:00]} d5 {[%emt 0:00:22]} 2. Bf4 { [%emt 0:00:05]} Bf5 {[%emt
0:00:08]} 3. e3 {[%emt 0:00:03]} e6 {[%emt 0:00:24]} 4. a3 {[%emt 0:00:25]} a5
{[%emt 0:00:25]} 5. c4 {[%emt 0:00:02] Luebeck3-001 reconnected.} Nf6 {[%emt
0:01:35]} 6. Nc3 {[%emt 0:00:06]} c6 {[%emt 0:00:07]} 7. Qb3 {[%emt 0:00:09]}
Qc8 {[%emt 0:00:26]} 8. Nf3 {[%emt 0:00:10]} Nbd7 { [%emt 0:00:10]} 9. h3
{[%emt 0:00:04]} Be7 {[%emt 0:00:03]} 10. Be2 {[%emt 0:00:05]} O-O {[%emt
0:00:02]} 11. O-O {[%emt 0:00:02]} dxc4 {[%emt 0:00:05]} 12. Bxc4 {[%emt
0:00:02]} Nd5 {[%emt 0:00:02]} 13. Bh2 {[%emt 0:00:12]} N7f6 { [%emt 0:00:18]}
14. Rac1 {[%emt 0:00:24]} Qd7 {[%emt 0:00:03]} 15. Ne5 { [%emt 0:00:04]} Qc8
{[%emt 0:00:07]} 16. Rfd1 {[%emt 0:01:03]} Rd8 {[%emt 0:00:27]} 17. Bf1 {[%emt
0:01:04]} a4 {[%emt 0:00:11]} 18. Nxa4 {[%emt 0:00:10]} Nd7 {[%emt 0:00:26]}
19. Nxd7 {[%emt 0:00:06]} Qxd7 {[%emt 0:00:11]} 20. Nc5 { [%emt 0:00:04]} Bxc5
{[%emt 0:00:17]} 21. Rxc5 {[%emt 0:00:03]} Qe7 {[%emt 0:00:16]} 22. Rdc1 {[%emt
0:00:17]} Ra7 {[%emt 0:00:14]} 23. Bd3 {[%emt 0:00:10]} Bxd3 {[%emt 0:00:05]}
24. Qxd3 {[%emt 0:00:00]} Ra6 {[%emt 0:00:12]} 25. R5c2 { [%emt 0:00:30]} Rb6
{[%emt 0:00:37]} 26. e4 {[%emt 0:00:20]} Nf6 {[%emt 0:00:04]} 27. Be5 {[%emt
0:00:18]} Nd7 {[%emt 0:00:07]} 28. Bc7 {[%emt 0:00:01]} Nc5 {[%emt 0:00:09]}
29. Bxd8 {[%emt 0:00:16]} Nxd3 {[%emt 0:00:03]} 30. Bxe7 { [%emt 0:00:02]} Nxc1
{[%emt 0:00:02]} 31. Rxc1 {[%emt 0:00:01]} Rxb2 {[%emt 0:00:02]} 32. f3 {[%emt
0:00:07]} f6 {[%emt 0:00:02]} 33. Kh2 {[%emt 0:00:07]} Kf7 {[%emt 0:00:02]} 34.
Bc5 {[%emt 0:00:01]} Ke8 {[%emt 0:00:13]} 35. Kg3 { [%emt 0:00:04]} Kd7 {[%emt
0:00:02]} 36. Bb4 {[%emt 0:00:08]} g6 {[%emt 0:00:08]} 37. f4 {[%emt 0:00:02]}
f5 {[%emt 0:00:11]} 38. Re1 {[%emt 0:00:11]} Rb3+ {[%emt 0:00:04]} 39. Kf2
{[%emt 0:00:07]} Rd3 {[%emt 0:00:05]} 40. Re2 { [%emt 0:00:09]} Rxd4 {[%emt
0:00:09]} 41. Rd2 {[%emt 0:00:03]} Rxd2+ {[%emt 0:00:01]} 42. Bxd2 {[%emt
0:00:03]} Kd6 {[%emt 0:00:10]} 43. Ke3 {[%emt 0:00:05]} Kc5 {[%emt 0:00:02]}
44. exf5 {[%emt 0:00:08]} exf5 {[%emt 0:00:03]} 45. Kd3 { [%emt 0:00:01]} Kd5
{[%emt 0:00:09]} 46. Bb4 {[%emt 0:00:03]} c5 {[%emt 0:00:03]} 47. Ba5 {[%emt
0:00:03]} b5 {[%emt 0:00:07]} 48. Bb6 {[%emt 0:00:04]} Kc6 {[%emt 0:00:05]} 49.
Ba7 {[%emt 0:00:01]} Kd5 {[%emt 0:00:02]} 50. g4 {[%emt 0:00:17]} h5 {[%emt
0:00:06]} 51. g5 {[%emt 0:00:03]} Kc6 {[%emt 0:00:02]} 52. Bb8 {[%emt 0:00:13]}
Kd5 {[%emt 0:00:02]} 53. Be5 {[%emt 0:00:06]} Kc6 { [%emt 0:00:01]} 54. Kc3
{[%emt 0:00:04] Luebeck3-001 offers a draw} Kd5 { [%emt 0:00:02]} 55. Kb3
{[%emt 0:00:04]} Kc6 {[%emt 0:00:02]} 56. a4 {[%emt 0:00:02]} bxa4+ {[%emt
0:00:02]} 57. Kxa4 {[%emt 0:00:01]} Kd5 {[%emt 0:00:02]} 58. Kb5 {[%emt
0:00:02]} c4 {[%emt 0:00:05]} 59. Kb4 {[%emt 0:00:03]} Ke4 { [%emt 0:00:01]}
60. Kxc4 {[%emt 0:00:02]} Kf3 {[%emt 0:00:01]} 61. Kd5 { [%emt 0:01:01]} Kg3
{[%emt 0:00:02]} 62. Ke6 {[%emt 0:00:17]} Kxh3 {[%emt 0:00:01]} 63. Bc3 {[%emt
0:00:02]} Kg3 {[%emt 0:00:02]} 64. Be1+ {[%emt 0:00:12]} Kxf4 {[%emt 0:00:01]}
65. Kf6 {[%emt 0:00:02]} Ke3 {[%emt 0:00:01]} 66. Kxg6 { [%emt 0:00:02]} f4
{[%emt 0:00:01]} 67. Kxh5 {[%emt 0:00:03]} f3 {[%emt 0:00:01]} 68. g6 {[%emt
0:00:08]} f2 {[%emt 0:00:02]} 69. Bxf2+ {[%emt 0:00:01]} Kxf2 {[%emt 0:00:01]}
70. g7 {[%emt 0:00:01]} Kf3 {[%emt 0:00:01]} 71. g8=Q { [%emt 0:00:02]} Kf4
{[%emt 0:00:00]} 72. Qg5+ {[%emt 0:00:02]} Ke4 {[%emt 0:00:02]} 73. Kg6 {[%emt
0:00:03]} Kd3 {[%emt 0:00:00]} 74. Qf4 {[%emt 0:00:01]} Ke2 {[%emt 0:00:02]}
75. Qg3 {[%emt 0:00:01]} Kd2 {[%emt 0:00:02]} 76. Qf3 { [%emt 0:00:01]} Kc2
{[%emt 0:00:01]} 77. Qe3 {[%emt 0:00:01]} Kb2 {[%emt 0:00:01]} 78. Qd3 {[%emt
0:00:01]} Ka1 {[%emt 0:00:01]} 79. Qd2 {[%emt 0:00:01]} Kb1 {[%emt 0:00:01]}
80. Kf5 {[%emt 0:00:01]} Ka1 {[%emt 0:00:00]} 81. Ke4 { [%emt 0:00:00]} Kb1
{[%emt 0:00:01]} 82. Kd3 {[%emt 0:00:00]} Ka1 {[%emt 0:00:01]} 83. Kc3 {[%emt
0:00:00]} Kb1 {[%emt 0:00:00]} 84. Qb2# {[%emt 0:00:03]} 1-0

[Event "DSJ Weihnachtsturnier U16: Lasker 2020"]
[Site ""]
[Date "2020.12.28"]
[Round "1"]
[White "Gossing, Marie-Sophie"]
[Black "Wusterack, Paul"]
[Result "0-1"]
[Termination "time forfeit"]
[Board "13.2"]
[WhiteElo "1269"]
[BlackElo "1649"]
[WhiteTeam "Lübecker SV von 1873"]
[BlackTeam "SC Turm Lüneburg"]
[PlyCount "68"]
[WhiteFideId "16217284"]
[BlackFideId "16255356"]
[EventRounds "7"]
[EventType "team-swiss"]
[EventDate "2020.12.28"]

1. e4 {[%emt 0:00:15]} e6 {[%emt 0:01:09]} 2. d4 {[%emt 0:00:15]} d5 {[%emt
0:00:02]} 3. Bd3 {[%emt 0:00:16]} Nf6 {[%emt 0:00:17]} 4. e5 {[%emt 0:00:10]}
Nfd7 {[%emt 0:00:02]} 5. Ne2 {[%emt 0:00:12]} c5 {[%emt 0:00:02]} 6. c3 { [%emt
0:00:14]} Nc6 {[%emt 0:00:03]} 7. Be3 {[%emt 0:00:17]} cxd4 {[%emt 0:00:16]} 8.
cxd4 {[%emt 0:00:37]} Qb6 {[%emt 0:00:23]} 9. O-O {[%emt 0:01:16]} Be7 {[%emt
0:00:27]} 10. Nbc3 {[%emt 0:00:11]} O-O {[%emt 0:00:29]} 11. Qc2 { [%emt
0:00:16]} h6 {[%emt 0:00:23]} 12. f4 {[%emt 0:00:47]} Nb4 {[%emt 0:00:18] } 13.
Bh7+ {[%emt 0:00:14]} Kh8 {[%emt 0:00:05]} 14. Qb1 {[%emt 0:00:05]} f5 { [%emt
0:01:59]} 15. Bg6 {[%emt 0:00:21]} Rd8 {[%emt 0:01:24]} 16. a3 {[%emt 0:00:34]}
Nc6 {[%emt 0:00:05]} 17. Bf7 {[%emt 0:00:50]} Nf8 {[%emt 0:00:13]} 18. g4
{[%emt 0:00:25]} fxg4 {[%emt 0:02:00]} 19. f5 {[%emt 0:00:31]} Nxe5 { [%emt
0:00:22]} 20. fxe6 {[%emt 0:00:46]} Nf3+ {[%emt 0:00:03]} 21. Kh1 { [%emt
0:00:17]} Bxe6 {[%emt 0:00:03]} 22. Bxe6 {[%emt 0:00:06]} Nxe6 {[%emt 0:00:00]}
23. Qg6 {[%emt 0:00:13]} Qd6 {[%emt 0:00:34]} 24. Ng3 {[%emt 0:00:18]} Bh4
{[%emt 0:00:03]} 25. Bf2 {[%emt 0:00:14]} Bxg3 {[%emt 0:00:02]} 26. Bxg3 {
[%emt 0:00:04]} Qe7 {[%emt 0:00:01]} 27. Qd3 {[%emt 0:00:21]} Nexd4 {[%emt
0:00:01]} 28. Bf2 {[%emt 0:00:14]} Qd6 {[%emt 0:00:03]} 29. Bg3 {[%emt
0:00:06]} Qb6 {[%emt 0:00:01]} 30. Na4 {[%emt 0:00:07]} Qf6 {[%emt 0:00:03]}
31. Nc5 { [%emt 0:00:12]} b6 {[%emt 0:00:03]} 32. Nb3 {[%emt 0:00:18]} Nxb3
{[%emt 0:00:02]} 33. Qxb3 {[%emt 0:00:03]} d4 {[%emt 0:00:02]} 34. Bh4 {[%emt
0:00:02]} Qxh4 {[%emt 0:00:02] TimeW} 0-1

[Event "DSJ Weihnachtsturnier U16: Lasker 2020"]
[Site ""]
[Date "2020.12.28"]
[Round "1"]
[White "Rennkamp, David"]
[Black "Hellenbroich, Helene"]
[Result "1-0"]
[Termination "time forfeit"]
[Board "13.3"]
[WhiteElo "1371"]
[BlackElo "1358"]
[WhiteTeam "SC Turm Lüneburg"]
[BlackTeam "Lübecker SV von 1873"]
[PlyCount "85"]
[WhiteFideId "16249526"]
[BlackFideId "16270754"]
[EventRounds "7"]
[EventType "team-swiss"]
[EventDate "2020.12.28"]

1. e4 {[%emt 0:00:05]} e6 {[%emt 0:00:22]} 2. d4 {[%emt 0:00:02]} d5 {[%emt
0:00:03]} 3. Nd2 {[%emt 0:00:03]} Nf6 {[%emt 0:00:05]} 4. e5 {[%emt 0:00:02]}
Nfd7 {[%emt 0:00:32]} 5. Bd3 {[%emt 0:00:07]} c5 {[%emt 0:00:04]} 6. c3 { [%emt
0:00:03]} Nc6 {[%emt 0:00:03]} 7. Ne2 {[%emt 0:00:03]} Qb6 {[%emt 0:00:09]} 8.
Qb3 {[%emt 0:00:05]} c4 {[%emt 0:00:13]} 9. Qxb6 {[%emt 0:00:10]} Nxb6 {[%emt
0:00:03]} 10. Bc2 {[%emt 0:00:02]} Be7 {[%emt 0:00:12]} 11. O-O { [%emt
0:00:03]} f6 {[%emt 0:00:04]} 12. f4 {[%emt 0:00:32]} g6 {[%emt 0:00:50]} 13.
Ng3 {[%emt 0:00:18]} Rf8 {[%emt 0:00:25]} 14. Nf3 {[%emt 0:00:20]} Bd7 { [%emt
0:00:20]} 15. Bd2 {[%emt 0:00:15]} O-O-O {[%emt 0:00:08]} 16. a4 { [%emt
0:00:31]} Na5 {[%emt 0:00:16]} 17. exf6 {[%emt 0:00:45]} Bxf6 {[%emt 0:00:15]}
18. Ne5 {[%emt 0:00:12]} Nb3 {[%emt 0:01:51]} 19. Bxb3 {[%emt 0:00:24]} cxb3
{[%emt 0:00:10]} 20. a5 {[%emt 0:00:56]} Nc4 {[%emt 0:00:22]} 21. Nxc4 { [%emt
0:00:19]} dxc4 {[%emt 0:00:19]} 22. Ne4 {[%emt 0:00:36]} Be7 {[%emt 0:00:34]}
23. a6 {[%emt 0:00:57]} Bc6 {[%emt 0:00:37]} 24. axb7+ {[%emt 0:00:43]} Bxb7
{[%emt 0:00:05]} 25. Rfe1 {[%emt 0:00:18]} a6 {[%emt 0:01:11]} 26. Nf2 { [%emt
0:00:46]} Kd7 {[%emt 0:00:38]} 27. Ng4 {[%emt 0:00:25]} Bh4 {[%emt 0:00:40]}
28. g3 {[%emt 0:00:15]} Bf6 {[%emt 0:00:05]} 29. Ne5+ {[%emt 0:00:15]} Bxe5
{[%emt 0:00:04]} 30. Rxe5 {[%emt 0:00:25]} Rf6 {[%emt 0:00:11]} 31. Rc5 { [%emt
0:00:26]} Re8 {[%emt 0:00:02]} 32. Rxc4 {[%emt 0:00:10]} Bd5 {[%emt 0:00:03]}
33. Rc5 {[%emt 0:00:10]} Rc8 {[%emt 0:00:03]} 34. Rxc8 {[%emt 0:00:03]} Kxc8
{[%emt 0:00:01]} 35. Rxa6 {[%emt 0:00:02]} Kb7 {[%emt 0:00:03]} 36. Ra3 { [%emt
0:00:03]} Kb6 {[%emt 0:00:01]} 37. Kf2 {[%emt 0:00:02]} Kc6 {[%emt 0:00:01]}
38. Ke3 {[%emt 0:00:03]} Kb5 {[%emt 0:00:08]} 39. Ra7 {[%emt 0:00:12]} Kc4
{[%emt 0:00:03]} 40. Rxh7 {[%emt 0:00:02]} g5 {[%emt 0:00:02]} 41. Rc7+ { [%emt
0:00:02]} Kb5 {[%emt 0:00:02] '} 42. fxg5 {[%emt 0:00:05]} Rf3+ {[%emt
0:00:03]} 43. Ke2 {[%emt 0:00:02] ' TimeB} 1-0

[Event "DSJ Weihnachtsturnier U16: Lasker 2020"]
[Site ""]
[Date "2020.12.28"]
[Round "1"]
[White "Schwandner, Clemens"]
[Black "Blome, Johannes"]
[Result "0-1"]
[Termination "normal"]
[Board "14.1"]
[WhiteElo "1281"]
[BlackElo "1849"]
[WhiteTeam "SC 1951 Nordhausen"]
[BlackTeam "Hamburger SK von 1830 3"]
[PlyCount "68"]
[BlackFideId "16233972"]
[EventRounds "7"]
[EventType "team-swiss"]
[EventDate "2020.12.28"]

1. e4 {[%emt 0:00:06]} c5 {[%emt 0:00:06]} 2. Nf3 {[%emt 0:00:05]} e6 {[%emt
0:00:03]} 3. d4 {[%emt 0:00:03]} cxd4 {[%emt 0:00:03]} 4. Nxd4 {[%emt 0:00:02]}
Nf6 {[%emt 0:00:03]} 5. Nc3 {[%emt 0:00:03]} Nc6 {[%emt 0:00:08]} 6. Be3 {
[%emt 0:00:12]} Bb4 {[%emt 0:00:04]} 7. Bb5 {[%emt 0:00:17]} Nxe4 {[%emt
0:00:21]} 8. Bxc6 {[%emt 0:00:09]} bxc6 {[%emt 0:00:03]} 9. Qd3 {[%emt
0:00:17]} d5 {[%emt 0:00:06]} 10. a3 {[%emt 0:00:03]} Bxc3+ {[%emt 0:00:02]}
11. bxc3 { [%emt 0:00:02]} c5 {[%emt 0:00:07]} 12. Nf3 {[%emt 0:00:46]} O-O
{[%emt 0:00:07]} 13. O-O {[%emt 0:00:08]} c4 {[%emt 0:00:05]} 14. Qd4 {[%emt
0:00:11]} Qa5 {[%emt 0:01:19]} 15. Ng5 {[%emt 0:01:33]} e5 {[%emt 0:01:08]} 16.
Qxe5 { [%emt 0:01:05]} f6 {[%emt 0:00:00]} 17. Qd4 {[%emt 0:01:20]} fxg5 {[%emt
0:00:04]} 18. Bxg5 {[%emt 0:00:02]} Nxg5 {[%emt 0:00:04]} 19. f4 {[%emt
0:00:06]} Ne4 {[%emt 0:00:03]} 20. Qe3 {[%emt 0:00:20]} Qxc3 {[%emt 0:00:12]}
21. Qxc3 { [%emt 0:00:19]} Nxc3 {[%emt 0:00:00]} 22. Rf3 {[%emt 0:00:06]} d4
{[%emt 0:00:05]} 23. Kf2 {[%emt 0:00:07]} Bg4 {[%emt 0:00:05]} 24. Rg3 {[%emt
0:00:04]} Ne4+ {[%emt 0:00:05]} 25. Kf1 {[%emt 0:00:12]} Nxg3+ {[%emt 0:00:06]}
26. hxg3 {[%emt 0:00:02]} d3 {[%emt 0:00:04]} 27. cxd3 {[%emt 0:00:10]} cxd3
{[%emt 0:00:00]} 28. Ra2 {[%emt 0:00:03]} Rac8 {[%emt 0:00:06]} 29. Ke1 {[%emt
0:00:08]} Rfe8+ {[%emt 0:00:14]} 30. Kf1 {[%emt 0:00:12]} Rc2 {[%emt 0:00:25]}
31. Ra1 { [%emt 0:00:06]} d2 {[%emt 0:00:06]} 32. Kg1 {[%emt 0:00:20]} Rc1+
{[%emt 0:00:06]} 33. Rxc1 {[%emt 0:00:02]} dxc1=Q+ {[%emt 0:00:00]} 34. Kf2
{[%emt 0:00:03] } Re2# {[%emt 0:00:02]} 0-1

[Event "DSJ Weihnachtsturnier U16: Lasker 2020"]
[Site ""]
[Date "2020.12.28"]
[Round "1"]
[White "Mund, Raphael"]
[Black "Grabbel, Torben Frederik"]
[Result "0-1"]
[Termination "normal"]
[Board "14.3"]
[WhiteElo "1128"]
[BlackElo "1636"]
[WhiteTeam "SC 1951 Nordhausen"]
[BlackTeam "Hamburger SK von 1830 3"]
[PlyCount "50"]
[WhiteFideId "34667164"]
[BlackFideId "16219180"]
[EventRounds "7"]
[EventType "team-swiss"]
[EventDate "2020.12.28"]

1. e4 {[%emt 0:00:05]} e5 {[%emt 0:00:03]} 2. Nf3 {[%emt 0:00:03]} Nc6 { [%emt
0:00:02]} 3. Bc4 {[%emt 0:00:06]} Bc5 {[%emt 0:00:02]} 4. O-O {[%emt 0:00:05]}
d6 {[%emt 0:00:02]} 5. Nc3 {[%emt 0:00:06]} Nf6 {[%emt 0:00:03]} 6. d3 {[%emt
0:00:07]} h6 {[%emt 0:00:04]} 7. h3 {[%emt 0:00:05]} O-O {[%emt 0:00:02] } 8.
Re1 {[%emt 0:00:14]} Re8 {[%emt 0:00:10]} 9. Be3 {[%emt 0:00:14]} Bb6 { [%emt
0:00:02]} 10. a4 {[%emt 0:00:26]} a5 {[%emt 0:00:03]} 11. Bxb6 {[%emt 0:00:12]}
cxb6 {[%emt 0:00:03]} 12. d4 {[%emt 0:00:02]} Qc7 {[%emt 0:00:32]} 13. dxe5
{[%emt 0:00:13]} dxe5 {[%emt 0:00:06]} 14. Nd5 {[%emt 0:00:12]} Nxd5 { [%emt
0:00:33]} 15. Qxd5 {[%emt 0:00:14]} Be6 {[%emt 0:00:09]} 16. Qb5 { [%emt
0:00:09]} Nd4 {[%emt 0:00:36]} 17. Qxe5 {[%emt 0:00:15]} Nxf3+ {[%emt 0:00:03]}
18. Kf1 {[%emt 0:00:18]} Nd2+ {[%emt 0:00:16]} 19. Ke2 {[%emt 0:00:07]} Qxe5
{[%emt 0:00:03]} 20. Kxd2 {[%emt 0:00:08]} Bxc4 {[%emt 0:00:05]} 21. Rad1
{[%emt 0:00:11]} Qxb2 {[%emt 0:00:08]} 22. Re3 {[%emt 0:00:25]} Rad8+ {[%emt
0:00:06]} 23. Ke1 {[%emt 0:00:03]} Rxd1+ {[%emt 0:00:04]} 24. Kxd1 {[%emt
0:00:03]} Rd8+ {[%emt 0:00:05]} 25. Ke1 {[%emt 0:00:02]} Qc1# {[%emt 0:00:04]}
0-1

[Event "DSJ Weihnachtsturnier U16: Lasker 2020"]
[Site ""]
[Date "2020.12.28"]
[Round "1"]
[White "Reyes-Mantilla, Andrés Mauricio"]
[Black "Schiebeck, Matteo"]
[Result "0-1"]
[Termination "time forfeit"]
[Board "14.4"]
[WhiteElo "1564"]
[BlackElo "960"]
[WhiteTeam "Hamburger SK von 1830 3"]
[BlackTeam "SC 1951 Nordhausen"]
[PlyCount "28"]
[WhiteFideId "4467248"]
[EventRounds "7"]
[EventType "team-swiss"]
[EventDate "2020.12.28"]

1. d4 {[%emt 0:00:18]} d5 {[%emt 0:00:05]} 2. Nf3 {[%emt 0:00:18]} Nf6 { [%emt
0:00:18]} 3. c4 {[%emt 0:00:03]} e6 {[%emt 0:00:26]} 4. g3 {[%emt 0:00:02]}
Bb4+ {[%emt 0:00:19]} 5. Bd2 {[%emt 0:00:02]} Bxd2+ {[%emt 0:00:09]} 6. Nbxd2
{[%emt 0:00:00]} O-O {[%emt 0:00:13]} 7. Bg2 {[%emt 0:00:02]} h6 { [%emt
0:00:17]} 8. O-O {[%emt 0:00:05]} Bd7 {[%emt 0:00:17]} 9. cxd5 {[%emt 0:00:19]}
exd5 {[%emt 0:00:15]} 10. Rc1 {[%emt 0:00:05]} Bf5 {[%emt 0:00:12]} 11. Qb3
{[%emt 0:00:03]} c6 {[%emt 0:00:10]} 12. Qxb7 {[%emt 0:00:05]} Nbd7 { [%emt
0:00:13]} 13. Qxc6 {[%emt 0:00:12]} Nb6 {[%emt 0:00:34]} 14. Qa4 { [%emt
0:00:21]} Nxa4 {[%emt 0:00:16] HSK05-004 offers a draw TimeW} 0-1

[Event "DSJ Weihnachtsturnier U16: Lasker 2020"]
[Site ""]
[Date "2020.12.28"]
[Round "1"]
[White "Steinhauer, Artur"]
[Black "Falke, Philipp"]
[Result "1-0"]
[Termination "normal"]
[Board "15.1"]
[WhiteElo "1462"]
[BlackElo "1334"]
[WhiteTeam "SC Bavaria Regensburg von 1881"]
[BlackTeam "Post SV Uelzen"]
[PlyCount "61"]
[WhiteFideId "16263596"]
[BlackFideId "16294696"]
[EventRounds "7"]
[EventType "team-swiss"]
[EventDate "2020.12.28"]

1. e4 {[%emt 0:00:00]} c5 {[%emt 0:00:51]} 2. Nf3 {[%emt 0:00:32]} d6 {[%emt
0:00:05]} 3. d4 {[%emt 0:00:02]} cxd4 {[%emt 0:00:08]} 4. Nxd4 {[%emt 0:00:00]}
Nf6 {[%emt 0:00:04]} 5. Nc3 {[%emt 0:00:01]} a6 {[%emt 0:00:02]} 6. Bg5 { [%emt
0:00:02]} e6 {[%emt 0:00:05]} 7. Qd2 {[%emt 0:00:05]} Be7 {[%emt 0:00:04] } 8.
O-O-O {[%emt 0:00:05]} b5 {[%emt 0:00:19]} 9. f3 {[%emt 0:00:15]} Bb7 { [%emt
0:00:15]} 10. Kb1 {[%emt 0:00:07]} Nbd7 {[%emt 0:00:26]} 11. h4 {[%emt
0:00:03]} h6 {[%emt 0:00:06]} 12. Be3 {[%emt 0:00:04]} b4 {[%emt 0:00:33]} 13.
Nce2 {[%emt 0:00:10]} Qa5 {[%emt 0:00:40]} 14. Nb3 {[%emt 0:00:03]} Qa4 { [%emt
0:00:28]} 15. Ned4 {[%emt 0:00:20]} Rc8 {[%emt 0:00:42]} 16. g4 {[%emt
0:00:05]} Nc5 {[%emt 0:00:30]} 17. Bc4 {[%emt 0:00:25]} O-O {[%emt 0:00:21]}
18. h5 {[%emt 0:00:08]} Nfd7 {[%emt 0:00:21]} 19. Rdg1 {[%emt 0:00:08]} Nb6 {
[%emt 0:00:26]} 20. Bd3 {[%emt 0:00:30]} Nxd3 {[%emt 0:00:22]} 21. cxd3 { [%emt
0:00:12]} Nd7 {[%emt 0:01:28]} 22. g5 {[%emt 0:00:08]} hxg5 {[%emt 0:00:36]}
23. Bxg5 {[%emt 0:00:06]} f6 {[%emt 0:00:28]} 24. Be3 {[%emt 0:00:10]} Kf7
{[%emt 0:00:15]} 25. h6 {[%emt 0:00:06]} gxh6 {[%emt 0:00:16]} 26. Rxh6 { [%emt
0:00:00]} Rg8 {[%emt 0:00:04]} 27. Rh7+ {[%emt 0:00:01]} Kf8 {[%emt 0:00:09] '}
28. Bh6+ {[%emt 0:00:02] '} Ke8 {[%emt 0:00:03]} 29. Rxg8+ {[%emt 0:00:02] '}
Nf8 {[%emt 0:00:02]} 30. Bxf8 {[%emt 0:00:02] '} Bxf8 {[%emt 0:00:02]} 31. Rxb7
{[%emt 0:00:04] '} 1-0

[Event "DSJ Weihnachtsturnier U16: Lasker 2020"]
[Site ""]
[Date "2020.12.28"]
[Round "1"]
[White "Aumüller, Naum"]
[Black "Schulze, Max Peter"]
[Result "1-0"]
[Termination "normal"]
[Board "15.3"]
[WhiteElo "1622"]
[BlackElo "1125"]
[WhiteTeam "SC Bavaria Regensburg von 1881"]
[BlackTeam "Post SV Uelzen"]
[PlyCount "39"]
[WhiteFideId "16263960"]
[BlackFideId "16272200"]
[EventRounds "7"]
[EventType "team-swiss"]
[EventDate "2020.12.28"]

1. e4 {[%emt 0:00:09]} e6 {[%emt 0:00:05]} 2. d4 {[%emt 0:00:02]} d5 {[%emt
0:00:01]} 3. exd5 {[%emt 0:00:00]} exd5 {[%emt 0:00:01]} 4. Qf3 {[%emt
0:00:01]} Nf6 {[%emt 0:00:05]} 5. h3 {[%emt 0:00:02]} Bb4+ {[%emt 0:00:06]} 6.
c3 { [%emt 0:00:02]} Ba5 {[%emt 0:00:02]} 7. Bd3 {[%emt 0:00:08]} Nc6 {[%emt
0:00:04]} 8. Ne2 {[%emt 0:00:18]} Qe7 {[%emt 0:00:05]} 9. O-O {[%emt 0:00:07]}
O-O { [%emt 0:00:06]} 10. Re1 {[%emt 0:00:21]} Qd6 {[%emt 0:00:19]} 11. Bf4
{[%emt 0:00:04]} Qd7 {[%emt 0:00:05]} 12. Nd2 {[%emt 0:00:05]} Re8 {[%emt
0:00:02]} 13. Nb3 {[%emt 0:00:02]} Bb6 {[%emt 0:00:18]} 14. Ng3 {[%emt
0:00:27]} Rxe1+ { [%emt 0:00:09]} 15. Rxe1 {[%emt 0:00:02]} Ne7 {[%emt
0:00:06]} 16. Bg5 { [%emt 0:00:10]} h6 {[%emt 0:00:22]} 17. Bxf6 {[%emt
0:00:07]} gxf6 {[%emt 0:00:04]} 18. Qxf6 {[%emt 0:00:01]} Ng6 {[%emt 0:00:32]}
19. Nh5 {[%emt 0:00:14]} Kf8 {[%emt 0:00:14]} 20. Qg7# {[%emt 0:00:02]} 1-0